Dla jakiego klubu najwięcej meczów rozegrał ten piłkarz - Statystyki

Ogólne statystyki
  • Ten quiz został rozwiązany 34 razy
  • Średni wynik to 9 z 15
Statystyki odpowiedzi
Nazwisko Piłkarza Liczba występów dla klubu, w którym rozegrał najwięcej spotkań Klub w któyrm rozegrał najwięcej spotkań % Poprawnych
Francesco Totti 785 AS Roma
87%
Arkadiusz Milik 122 Ajax Amsterdam
77%
Nani 230 Manchester United
77%
Alexis Sánchez 166 Arsenal
67%
Philippe Coutinho 201 Liverpool
67%
Romelu Lukaku 166 Everton
57%
Hirving Lozano 155 Napoli
57%
Ángel Di María 295 Paris Saint-Germain
57%
Maxwell 214 Paris Saint-Germain
57%
Krzysztof Piątek 85 Zagłębie Lubin
53%
Mark Noble 550 West Ham United
50%
Jari Litmanen 255 Ajax Amsterdam
47%
Alexander Isak 132 Real Sociedad
43%
André Schürrle 83 Bayer Leverkusen
37%
Kevin-Prince Boateng 114 AC Milan
33%
Nie znaleziono quizów pasujących do podanych kryteriów
Rozkład punktacji
Procent ludzi z każdym wynikiem
Percentyl według liczby udzielonych odpowiedzi
Twoja historia wyników
Nie rozwiązałeś tego quizu